[Event "5MCR_4D_2L_3S"]
[Site "?"]
[Date "2002.??.??"]
[Round "?"]
[White "Durchan, Milan"]
[Black "Strnad, Jiri"]
[Result "1-0"]
[WhiteElo "2145"]
[BlackElo "2185"]
[PlyCount "125"]
[EventDate "2002.??.??"]
[EventType "corr"]
[SourceDate "2004.??.??"]

1. e4 d5 2. exd5 Qxd5 3. Nc3 Qa5 4. Nf3 Nf6 5. Bc4 c6 6. Qe2 e6 7. d4 Bb4 8.
Bd2 Qb6 9. O-O O-O 10. a3 Be7 11. Rfe1 Re8 12. Ne4 Nxe4 13. Qxe4 Nd7 14. Qf4 c5
15. d5 Nf8 16. Bc3 Ng6 17. Qe4 Bd6 18. Ng5 e5 19. Qf3 Qc7 20. Ne4 Bd7 21. Rad1
b5 22. Ba5 Qxa5 23. Nxd6 Rf8 24. Bd3 Qb6 25. Nf5 Rfe8 26. Ng3 c4 27. Be4 Rad8
28. Rd2 Nf4 29. d6 b4 30. axb4 Qxb4 31. c3 Qb6 32. Nh5 Ng6 33. Qe3 f5 34. Bb1
Qxe3 35. fxe3 e4 36. Ba2 Ne5 37. Rd4 Be6 38. Nf4 Bf7 39. Nd5 Bxd5 40. Rxd5 Kf7
41. Red1 Kf6 42. R5d4 Ng4 43. Re1 Rb8 44. Re2 Red8 45. Bxc4 Rb6 46. Red2 Nxe3
47. Be2 Ke5 48. d7 Rb7 49. b4 g5 50. Ba6 Rc7 51. c4 f4 52. Rd6 Kf5 53. c5 h5
54. c6 h4 55. Ra2 Ke5 56. Rg6 h3 57. Ra5+ Kd4 58. Rd6+ Kc3 59. Re5 Kb3 60. b5
Nc4 61. Re8 Nxd6 62. Rxd8 e3 63. Re8 1-0

[Event "5MCR_4D_2L_3S"]
[Site "?"]
[Date "2002.??.??"]
[Round "?"]
[White "Durchan, Milan"]
[Black "Toman, Antonin"]
[Result "0-1"]
[WhiteElo "2145"]
[BlackElo "2240"]
[PlyCount "122"]
[EventDate "2002.??.??"]
[EventType "corr"]
[SourceDate "2004.??.??"]

1. e4 c6 2. d4 d5 3. e5 Bf5 4. Nc3 e6 5. g4 Bg6 6. Nge2 Nd7 7. h4 h6 8. f4 Be7
9. g5 hxg5 10. fxg5 c5 11. Nf4 Bf5 12. Bd3 g6 13. Bxf5 gxf5 14. g6 cxd4 15.
Ncxd5 Nxe5 16. gxf7+ Kxf7 17. Nxe7 Qxe7 18. h5 Nf6 19. Qe2 Ne4 20. Bd2 d3 21.
Nxd3 Nxd3+ 22. cxd3 Ng3 23. Qg2 Nxh1 24. Qxh1 Rad8 25. h6 e5 26. Qh3 Qf6 27.
Rc1 Rd7 28. Ke2 Ke6 29. Rg1 Kd6 30. Qh5 Qf7 31. Rg6+ Kc7 32. Qg5 Re8 33. Rf6
Qxa2 34. Qxf5 Qb3 35. h7 Qd5 36. Be1 Qg2+ 37. Bf2 Qg7 38. Bxa7 Qxh7 39. Bb6+
Kb8 40. Re6 Qh2+ 41. Ke3 Rde7 42. Rxe7 Qh6+ 43. Ke2 Rxe7 44. Bc5 Re6 45. Be3
Qg6 46. Qf8+ Re8 47. Qc5 Qg2+ 48. Bf2 Re6 49. b3 Qg4+ 50. Kd2 Qf3 51. Qa7+ Kc8
52. Qa8+ Kd7 53. Bc5 Qg2+ 54. Kc3 Qc6 55. Qa7 Rg6 56. Kb4 Rg4+ 57. Kc3 Rg3 58.
Kc2 e4 59. d4 Qb5 60. Qa4 Qxa4 61. bxa4 Kc6 0-1

[Event "5MCR_4D_2L_3S"]
[Site "?"]
[Date "2002.??.??"]
[Round "?"]
[White "Kucera, Petr"]
[Black "Bucek, Jiri"]
[Result "1/2-1/2"]
[WhiteElo "1800"]
[BlackElo "2200"]
[PlyCount "38"]
[EventDate "2002.??.??"]
[EventType "corr"]
[SourceDate "2004.??.??"]

1. d4 e6 2. c4 Nf6 3. Nc3 Bb4 4. e3 c5 5. Nge2 b6 6. a3 Ba5 7. Rb1 Na6 8. Ng3
Bb7 9. Bd3 O-O 10. O-O d5 11. cxd5 Bxc3 12. bxc3 Nxd5 13. Bd2 cxd4 14. cxd4 Rc8
15. Qb3 Nb8 16. Rfc1 Nc6 17. a4 f5 18. Bc4 f4 19. Ne4 Rc7 1/2-1/2

[Event "5MCR_4D_2L_3S"]
[Site "?"]
[Date "2002.??.??"]
[Round "?"]
[White "Kucera, Petr"]
[Black "Durchan, Milan"]
[Result "0-1"]
[WhiteElo "1800"]
[BlackElo "2145"]
[PlyCount "46"]
[EventDate "2002.??.??"]
[EventType "corr"]
[SourceDate "2004.??.??"]

1. e4 d6 2. d4 Nf6 3. Nc3 g6 4. Nf3 Bg7 5. h3 O-O 6. Bd3 c6 7. a4 Nbd7 8. a5 e5
9. dxe5 Nxe5 10. Nxe5 dxe5 11. O-O Be6 12. Be3 Qe7 13. Qe2 Rfd8 14. Na4 Nd7 15.
f3 Bf6 16. Bc4 Bxc4 17. Qxc4 Bg5 18. Bxg5 Qxg5 19. Rad1 Nf6 20. Qb3 Nh5 21. c3
b5 22. axb6 axb6 23. Qc2 Qe3+ 0-1

[Event "5MCR_4D_2L_3S"]
[Site "?"]
[Date "2002.??.??"]
[Round "?"]
[White "Kucera, Petr"]
[Black "Minovsky, Roman"]
[Result "0-1"]
[WhiteElo "1800"]
[BlackElo "2015"]
[PlyCount "50"]
[EventDate "2002.??.??"]
[EventType "corr"]
[SourceDate "2004.??.??"]

1. e4 e5 2. Nf3 Nf6 3. Nc3 Nc6 4. Bb5 Nd4 5. Ba4 Bc5 6. Nxe5 O-O 7. Nd3 Bb6 8.
e5 Ne8 9. Nd5 d6 10. Ne3 c6 11. O-O Bc7 12. c3 Nf5 13. f4 Nxe3 14. dxe3 dxe5
15. Nxe5 Qe7 16. Nd3 Nf6 17. Nf2 Bf5 18. Bc2 Rad8 19. Qe2 Bxc2 20. Qxc2 Rfe8
21. Bd2 Nd5 22. Rae1 Qc5 23. Qc1 Nf6 24. c4 Ne4 25. Nxe4 Rxe4 0-1

[Event "5MCR_4D_2L_3S"]
[Site "?"]
[Date "2002.??.??"]
[Round "?"]
[White "Kucera, Petr"]
[Black "Necesany, Zdenek"]
[Result "0-1"]
[WhiteElo "1800"]
[BlackElo "2190"]
[PlyCount "66"]
[EventDate "2002.??.??"]
[EventType "corr"]
[SourceDate "2004.??.??"]

1. e4 e5 2. Nf3 Nc6 3. Bb5 a6 4. Bxc6 dxc6 5. O-O Qd6 6. c3 Bg4 7. h3 Bxf3 8.
Qxf3 O-O-O 9. Qxf7 Nf6 10. d4 exd4 11. cxd4 Rd7 12. Qc4 Nxe4 13. Be3 Qg6 14.
Nc3 Nd6 15. Qe2 Nf5 16. Rad1 Bb4 17. Rd3 Nh4 18. g3 Nf3+ 19. Kg2 Rf8 20. Bc1
Nxd4 21. Qe4 Qxe4+ 22. Nxe4 Rfd8 23. Rfd1 Be7 24. Ng5 Ne2 25. Rxd7 Rxd7 26.
Rxd7 Kxd7 27. Be3 Bxg5 28. Bxg5 Nd4 29. Bf4 c5 30. Be5 g6 31. f4 c6 32. Kf2 Ke6
33. Ke3 Kd5 0-1

[Event "5MCR_4D_2L_3S"]
[Site "?"]
[Date "2002.??.??"]
[Round "?"]
[White "Kucera, Petr"]
[Black "Nudcenko, Karel"]
[Result "0-1"]
[WhiteElo "1800"]
[BlackElo "1800"]
[PlyCount "54"]
[EventDate "2002.??.??"]
[EventType "corr"]
[SourceDate "2004.??.??"]

1. d4 d5 2. c4 dxc4 3. Nf3 Nf6 4. Nc3 c6 5. e4 b5 6. a3 Bg4 7. Be2 e6 8. O-O a6
9. Bg5 Be7 10. e5 Nd5 11. Bxe7 Qxe7 12. Ne4 O-O 13. h3 Bf5 14. Nd6 Nd7 15. Nxf5
exf5 16. Qc2 f6 17. Rfe1 fxe5 18. dxe5 Nc5 19. Rad1 Nb3 20. Bf1 Rae8 21. g3 h6
22. Bg2 Qe6 23. Kh2 Rd8 24. h4 c5 25. Qb1 Ne7 26. Ng1 Ng6 27. f4 Nd4 0-1

[Event "5MCR_4D_2L_3S"]
[Site "?"]
[Date "2002.??.??"]
[Round "?"]
[White "Kucera, Petr"]
[Black "Skalicky, Frantisek"]
[Result "0-1"]
[WhiteElo "1800"]
[BlackElo "2245"]
[PlyCount "46"]
[EventDate "2002.??.??"]
[EventType "corr"]
[SourceDate "2004.??.??"]

1. d4 Nf6 2. Bg5 d5 3. Nc3 Nbd7 4. Nf3 h6 5. Bh4 e6 6. e4 g5 7. Bg3 Nxe4 8.
Nxe4 dxe4 9. Nd2 Bg7 10. h4 Bxd4 11. Nxe4 Bxb2 12. hxg5 hxg5 13. Rxh8+ Bxh8 14.
Rb1 Bg7 15. Rb5 e5 16. Qh5 Qe7 17. Nxg5 Nf6 18. Qe2 Ng4 19. Bh4 Bf6 20. Qd2 a6
21. Rb3 e4 22. Bc4 e3 23. Bxf7+ Kf8 0-1

[Event "5MCR_4D_2L_3S"]
[Site "?"]
[Date "2002.??.??"]
[Round "?"]
[White "Minovsky, Roman"]
[Black "Durchan, Milan"]
[Result "0-1"]
[WhiteElo "2015"]
[BlackElo "2145"]
[PlyCount "68"]
[EventDate "2002.??.??"]
[EventType "corr"]
[SourceDate "2004.??.??"]

1. c4 Nf6 2. Nc3 d5 3. cxd5 Nxd5 4. g3 g6 5. Bg2 Nxc3 6. bxc3 Bg7 7. Nf3 O-O 8.
O-O c5 9. d4 cxd4 10. cxd4 Nc6 11. e3 Be6 12. Qe2 Rc8 13. Bd2 Qd7 14. Ng5 Bd5
15. Bh3 e6 16. Rfc1 h6 17. Nf3 b5 18. Bc3 b4 19. Bb2 f5 20. a3 b3 21. Ne1 Na5
22. Nd3 Nc4 23. Nf4 Kh7 24. Nxd5 exd5 25. e4 a5 26. e5 a4 27. Bg2 Rc6 28. Rab1
Rfc8 29. Re1 Qe6 30. Qf3 Nxb2 31. Rxb2 Rc1 32. Rb1 Rxe1+ 33. Rxe1 b2 34. Qe3
Qc6 0-1

[Event "5MCR_4D_2L_3S"]
[Site "?"]
[Date "2002.??.??"]
[Round "?"]
[White "Minovsky, Roman"]
[Black "Nekola, Pavel"]
[Result "1-0"]
[WhiteElo "2015"]
[BlackElo "1800"]
[PlyCount "53"]
[EventDate "2002.??.??"]
[EventType "corr"]
[SourceDate "2004.??.??"]

1. c4 Nc6 2. Nc3 Nf6 3. g3 e5 4. Bg2 g6 5. d3 Bg7 6. Bg5 O-O 7. Qd2 d6 8. Nf3
Ne7 9. O-O Be6 10. b3 Qd7 11. Rfe1 Bh3 12. Bh1 Ng4 13. Bxe7 Qxe7 14. Nd5 Qd8
15. Rad1 c6 16. Nc3 f5 17. e3 Qe7 18. Re2 Rae8 19. b4 Nh6 20. Ree1 Bg4 21. Rb1
Nf7 22. Qc2 Bxf3 23. Bxf3 e4 24. Be2 exd3 25. Bxd3 Ng5 26. Be2 Nh3+ 27. Kg2 1-0

[Event "5MCR_4D_2L_3S"]
[Site "?"]
[Date "2002.??.??"]
[Round "?"]
[White "Minovsky, Roman"]
[Black "Pech, Jaroslav"]
[Result "0-1"]
[WhiteElo "2015"]
[BlackElo "2080"]
[PlyCount "42"]
[EventDate "2002.??.??"]
[EventType "corr"]
[SourceDate "2004.??.??"]

1. c4 Nf6 2. Nc3 e6 3. d4 Bb4 4. e3 O-O 5. Bd3 d5 6. Nge2 dxc4 7. Bxc4 e5 8.
Qb3 exd4 9. exd4 Nc6 10. Be3 Bd6 11. Qc2 Ng4 12. Qd2 Qh4 13. g3 Qh5 14. Nd5 Bf5
15. Ndf4 Qh6 16. Nd5 Nxe3 17. fxe3 Rad8 18. O-O Be6 19. Nec3 Bb4 20. Nxb4 Rxd4
21. Qxd4 Nxd4 0-1

[Event "5MCR_4D_2L_3S"]
[Site "?"]
[Date "2002.??.??"]
[Round "?"]
[White "Minovsky, Roman"]
[Black "Sebek, Pavel"]
[Result "0-1"]
[WhiteElo "2015"]
[BlackElo "1955"]
[PlyCount "59"]
[EventDate "2002.??.??"]
[EventType "corr"]
[SourceDate "2004.??.??"]

1. c4 e5 2. Nc3 Nc6 3. g3 Nf6 4. Bg2 Bb4 5. Nd5 Bc5 6. e3 O-O 7. Ne2 Nxd5 8.
cxd5 Ne7 9. O-O d6 10. d4 exd4 11. Nxd4 Bd7 12. b3 c6 13. dxc6 bxc6 14. Bb2 Rb8
15. Qc2 Bb6 16. Rac1 d5 17. Qc3 f6 18. Ba3 Rc8 19. Rfd1 c5 20. Nf3 Bg4 21. h3
Bh5 22. b4 c4 23. Rd2 Re8 24. Nd4 Bf7 25. b5 Bxd4 26. Rxd4 Nf5 27. Rf4 Qd7 28.
Rd1 Be6 29. e4 d4 30. Qa1 0-1

[Event "5MCR_4D_2L_3S"]
[Site "?"]
[Date "2002.??.??"]
[Round "?"]
[White "Minovsky, Roman"]
[Black "Skalicky, Frantisek"]
[Result "0-1"]
[WhiteElo "2015"]
[BlackElo "2245"]
[PlyCount "52"]
[EventDate "2002.??.??"]
[EventType "corr"]
[SourceDate "2004.??.??"]

1. c4 Nf6 2. Nc3 e5 3. g3 Bb4 4. Bg2 O-O 5. Nf3 Re8 6. O-O e4 7. Nd4 Bxc3 8.
dxc3 d6 9. Nc2 Nbd7 10. b3 a5 11. a4 Qe7 12. Ne3 Qe5 13. Qc2 Qh5 14. Rd1 Ne5
15. Rd4 Neg4 16. h4 Bf5 17. Nxf5 Qxf5 18. f3 Ne5 19. Bg5 Ned7 20. Rf1 Qg6 21.
f4 Qf5 22. e3 h6 23. Bxf6 Nxf6 24. Rfd1 Rad8 25. Kh2 Ng4+ 26. Kh1 Nxe3 0-1

[Event "5MCR_4D_2L_3S"]
[Site "?"]
[Date "2002.??.??"]
[Round "?"]
[White "Minovsky, Roman"]
[Black "Splichal, Stanislav"]
[Result "0-1"]
[WhiteElo "2015"]
[BlackElo "2190"]
[PlyCount "59"]
[EventDate "2002.??.??"]
[EventType "corr"]
[SourceDate "2004.??.??"]

1. c4 Nf6 2. Nc3 g6 3. g3 Bg7 4. Bg2 O-O 5. d4 d6 6. Nf3 c6 7. O-O Qa5 8. e4 e5
9. h3 Nbd7 10. d5 cxd5 11. exd5 Nb6 12. Qe2 Bd7 13. Bd2 Qc5 14. b3 h6 15. Be3
Qc7 16. Qd2 Kh7 17. Rac1 Rad8 18. Kh2 Nc8 19. Ne1 Nh5 20. Nd3 f5 21. Ne2 g5 22.
Qc2 Kg8 23. Bd2 Ne7 24. Nc3 Ng6 25. Qd1 Nf6 26. Nb4 e4 27. Nc2 f4 28. gxf4 gxf4
29. Rg1 Qb6 30. f3 0-1

[Event "5MCR_4D_2L_3S"]
[Site "?"]
[Date "2002.??.??"]
[Round "?"]
[White "Necesany, Zdenek"]
[Black "Durchan, Milan"]
[Result "0-1"]
[WhiteElo "2190"]
[BlackElo "2145"]
[PlyCount "58"]
[EventDate "2002.??.??"]
[EventType "corr"]
[SourceDate "2004.??.??"]

1. e4 d6 2. d4 Nf6 3. Nc3 g6 4. g3 Bg7 5. Bg2 O-O 6. Nge2 Nbd7 7. O-O c5 8. h3
Rb8 9. dxc5 Nxc5 10. Bf4 b5 11. b4 Ncd7 12. Rb1 Ne5 13. Nd4 Bd7 14. Qd2 Nc4 15.
Qd3 e5 16. Ndxb5 exf4 17. Qxc4 fxg3 18. Nxd6 Be6 19. Qd3 Ne8 20. Ncb5 Nxd6 21.
Nxd6 gxf2+ 22. Rxf2 Qb6 23. c4 Bd4 24. c5 Bxc5 25. bxc5 Qxb1+ 26. Qf1 Qb4 27.
Rc2 Qd4+ 28. Qf2 Qe5 29. Qe1 Rb2 0-1

[Event "5MCR_4D_2L_3S"]
[Site "?"]
[Date "2002.??.??"]
[Round "?"]
[White "Necesany, Zdenek"]
[Black "Minovsky, Roman"]
[Result "1-0"]
[WhiteElo "2190"]
[BlackElo "2015"]
[PlyCount "67"]
[EventDate "2002.??.??"]
[EventType "corr"]
[SourceDate "2004.??.??"]

1. e4 e5 2. Nf3 Nc6 3. Bb5 a6 4. Ba4 Nf6 5. O-O Be7 6. Re1 b5 7. Bb3 d6 8. c3
O-O 9. d4 Bg4 10. Be3 exd4 11. cxd4 Na5 12. Bc2 c5 13. dxc5 dxc5 14. Nbd2 Nc6
15. Rc1 c4 16. h3 Bh5 17. Nf1 Bb4 18. Qxd8 Raxd8 19. Red1 Bxf3 20. gxf3 Ne5 21.
Nh2 Be7 22. f4 Ng6 23. f5 Ne5 24. f3 Nd3 25. Bxd3 Rxd3 26. Rxd3 cxd3 27. Kf2
Bd6 28. Ng4 Nxg4+ 29. hxg4 Be5 30. b4 Rd8 31. Ke1 g6 32. Kd2 gxf5 33. gxf5 Kg7
34. Rc6 1-0

[Event "5MCR_4D_2L_3S"]
[Site "?"]
[Date "2002.??.??"]
[Round "?"]
[White "Necesany, Zdenek"]
[Black "Nekola, Pavel"]
[Result "1-0"]
[WhiteElo "2190"]
[BlackElo "1800"]
[PlyCount "53"]
[EventDate "2002.??.??"]
[EventType "corr"]
[SourceDate "2004.??.??"]

1. e4 e5 2. Nf3 Nc6 3. Bb5 a6 4. Ba4 Nf6 5. O-O Be7 6. Re1 b5 7. Bb3 O-O 8. d4
d6 9. c3 Bb7 10. Nbd2 Re8 11. Nf1 exd4 12. cxd4 d5 13. e5 Ne4 14. N1d2 Nb4 15.
e6 f6 16. Nh4 Nd3 17. Nxe4 dxe4 18. Re3 Qxd4 19. Qh5 g6 20. Nxg6 Rad8 21. Qg4
Nxf2 22. Kxf2 hxg6 23. Qxg6+ Kh8 24. Kf1 Qxe3 25. Bxe3 Bd5 26. Bh6 Rg8 27. Qh5
1-0

[Event "5MCR_4D_2L_3S"]
[Site "?"]
[Date "2002.??.??"]
[Round "?"]
[White "Necesany, Zdenek"]
[Black "Nudcenko, Karel"]
[Result "1/2-1/2"]
[WhiteElo "2190"]
[BlackElo "1800"]
[PlyCount "114"]
[EventDate "2002.??.??"]
[EventType "corr"]
[SourceDate "2004.??.??"]

1. e4 e6 2. d4 d5 3. Nc3 Bb4 4. e5 c5 5. a3 Ba5 6. b4 cxd4 7. Qg4 Ne7 8. bxa5
dxc3 9. Qxg7 Rg8 10. Qxh7 Nbc6 11. f4 Qxa5 12. Rb1 Nd4 13. Qd3 Nef5 14. Ne2
Nxe2 15. Qxe2 a6 16. g4 Nh4 17. Qf2 Qd8 18. Be2 b5 19. Qd4 Bd7 20. Qxc3 Qb6 21.
Qd3 Rh8 22. h3 Bc6 23. Rb4 Qc5 24. Rd4 Bb7 25. Rh2 Ng6 26. Bd2 Qb6 27. Be3 Qa5+
28. Rb4 Rc8 29. Bd2 Qc7 30. Qe3 Kf8 31. Bd3 Ne7 32. a4 Bc6 33. f5 Ke8 34. f6
Ng6 35. Bxg6 fxg6 36. f7+ Qxf7 37. Rf4 Qb7 38. Rf6 bxa4 39. Rxe6+ Kd7 40. Rxg6
Qb1+ 41. Bc1 Rc7 42. Rg7+ Kc8 43. Rxc7+ Kxc7 44. Qa3 Kb7 45. e6 Re8 46. e7 Qb6
47. Rf2 Bb5 48. Bg5 Rc8 49. Qe3 d4 50. Qe5 Be8 51. Rd2 a3 52. Qd5+ Rc6 53. Bf6
a2 54. Bxd4 a1=Q+ 55. Bxa1 Qg1+ 56. Ke2 Qxa1 57. Qd7+ Kb6 1/2-1/2

[Event "5MCR_4D_2L_3S"]
[Site "?"]
[Date "2002.??.??"]
[Round "?"]
[White "Necesany, Zdenek"]
[Black "Skalicky, Frantisek"]
[Result "1/2-1/2"]
[WhiteElo "2190"]
[BlackElo "2245"]
[PlyCount "85"]
[EventDate "2002.??.??"]
[EventType "corr"]
[SourceDate "2004.??.??"]

1. e4 e5 2. Nf3 Nc6 3. Bb5 a6 4. Ba4 Nf6 5. O-O Be7 6. Re1 b5 7. Bb3 O-O 8. d4
d6 9. c3 Bg4 10. d5 Na5 11. Bc2 c6 12. h3 Bc8 13. dxc6 Qc7 14. Nbd2 Qxc6 15.
Nf1 Be6 16. Ng3 Rfe8 17. Qe2 Bf8 18. Ng5 Bc8 19. Nh5 Be7 20. Nxf6+ Bxf6 21. Qh5
Bxg5 22. Bxg5 Nc4 23. Bc1 Be6 24. b3 Nb6 25. Bb2 Nd7 26. Qg5 a5 27. Rad1 a4 28.
Qd2 axb3 29. axb3 Ra2 30. Bb1 Ra6 31. b4 Bb3 32. Bc2 Bxc2 33. Qxc2 Ra2 34. Ra1
Rea8 35. Rxa2 Rxa2 36. Rd1 Nb6 37. Qb1 Ra7 38. Qd3 Rd7 39. f3 d5 40. Qe2 h6 41.
exd5 Rxd5 42. Rxd5 Qxd5 43. Kf2 1/2-1/2

[Event "5MCR_4D_2L_3S"]
[Site "?"]
[Date "2002.??.??"]
[Round "?"]
[White "Necesany, Zdenek"]
[Black "Splichal, Stanislav"]
[Result "1/2-1/2"]
[WhiteElo "2190"]
[BlackElo "2190"]
[PlyCount "77"]
[EventDate "2002.??.??"]
[EventType "corr"]
[SourceDate "2004.??.??"]

1. e4 c6 2. d4 d5 3. Nc3 dxe4 4. Nxe4 Nd7 5. Nf3 Ngf6 6. Nxf6+ Nxf6 7. Bc4 Bf5
8. Qe2 e6 9. Bg5 Be7 10. O-O-O b5 11. Bd3 Bxd3 12. Rxd3 Nd5 13. Bxe7 Qxe7 14.
Rd2 O-O 15. Ne5 Rac8 16. Rhd1 a5 17. Re1 a4 18. Qf3 Rfd8 19. a3 c5 20. dxc5
Rxc5 21. g3 Qc7 22. Nd3 Rc6 23. Nb4 Nxb4 24. Rxd8+ Qxd8 25. axb4 Qc7 26. Qd3 g6
27. Kb1 Rc4 28. Qd2 Qc6 29. f4 Re4 30. Rd1 h5 31. h4 Kg7 32. Qc3+ Qxc3 33. bxc3
Kf6 34. Rd7 e5 35. fxe5+ Rxe5 36. Ra7 Re3 37. c4 bxc4 38. Rxa4 Ke6 39. b5
1/2-1/2

[Event "5MCR_4D_2L_3S"]
[Site "?"]
[Date "2002.??.??"]
[Round "?"]
[White "Nekola, Pavel"]
[Black "Kucera, Petr"]
[Result "1-0"]
[WhiteElo "1800"]
[BlackElo "1800"]
[PlyCount "51"]
[EventDate "2002.??.??"]
[EventType "corr"]
[SourceDate "2004.??.??"]

1. e4 c6 2. d4 d5 3. Nc3 dxe4 4. Nxe4 Bf5 5. Ng3 Bg6 6. Nf3 Nf6 7. Nh4 e6 8.
Nxg6 hxg6 9. Be2 Qc7 10. Qd3 Nbd7 11. O-O Bd6 12. c3 O-O-O 13. Qf3 e5 14. Bg5
Rdf8 15. dxe5 Nxe5 16. Qe3 Neg4 17. Qxa7 Nxh2 18. Rfd1 Nfg4 19. Qd4 Nxf2 20.
Qxd6 Nxd1 21. Qxc7+ Kxc7 22. Rxd1 b5 23. c4 b4 24. Bf4+ Kb7 25. Bf3 Ra8 26. Ne4
1-0

[Event "5MCR_4D_2L_3S"]
[Site "?"]
[Date "2002.??.??"]
[Round "?"]
[White "Nekola, Pavel"]
[Black "Pech, Jaroslav"]
[Result "1/2-1/2"]
[WhiteElo "1800"]
[BlackElo "2080"]
[PlyCount "56"]
[EventDate "2002.??.??"]
[EventType "corr"]
[SourceDate "2004.??.??"]

1. e4 c5 2. Nc3 Nc6 3. Nge2 e6 4. f4 d5 5. e5 Nh6 6. Ng3 Be7 7. Bb5 Bd7 8. O-O
a6 9. Bxc6 Bxc6 10. d4 cxd4 11. Qxd4 b6 12. b4 a5 13. Ba3 Qc7 14. f5 b5 15.
Rad1 Qa7 16. Qxa7 Rxa7 17. Rd4 Bd8 18. Kh1 Bb6 19. Rdf4 Be3 20. Rh4 Nxf5 21.
Nxf5 exf5 22. Bc1 Bxc1 23. Rxc1 Kd7 24. bxa5 Rxa5 25. Rf1 Ke6 26. Re1 Ra3 27.
Re3 Rd8 28. Rd3 h6 1/2-1/2

[Event "5MCR_4D_2L_3S"]
[Site "?"]
[Date "2002.??.??"]
[Round "?"]
[White "Nekola, Pavel"]
[Black "Sebek, Pavel"]
[Result "0-1"]
[WhiteElo "1800"]
[BlackElo "1955"]
[PlyCount "76"]
[EventDate "2002.??.??"]
[EventType "corr"]
[SourceDate "2004.??.??"]

1. e4 c5 2. Nc3 Nc6 3. Nge2 g6 4. f4 d6 5. d4 cxd4 6. Nxd4 Bg7 7. Bb5 Bd7 8.
Be3 e6 9. O-O Nf6 10. Be2 O-O 11. Ndb5 d5 12. e5 Ne4 13. Nxe4 dxe4 14. Bc5 Ne7
15. Nc3 Nf5 16. Bxf8 Bxf8 17. Nxe4 Qb6+ 18. Kh1 Bc6 19. Qd3 Rd8 20. Nf6+ Kg7
21. Qh3 h6 22. Qb3 Ne3 23. Rg1 Nxg2 24. Qxb6 axb6 25. Rxg2 Rd2 26. Bf1 Rxc2 27.
Nd7 Bb4 28. Rb1 Rxg2 29. Bxg2 Bxd7 30. Bxb7 Bb5 31. Rd1 Be2 32. Rc1 Bg4 33. Rc4
Bd2 34. Kg2 Bf5 35. Kf3 g5 36. fxg5 hxg5 37. a4 Kg6 38. b4 g4+ 0-1

[Event "5MCR_4D_2L_3S"]
[Site "?"]
[Date "2002.??.??"]
[Round "?"]
[White "Nekola, Pavel"]
[Black "Splichal, Stanislav"]
[Result "0-1"]
[WhiteElo "1800"]
[BlackElo "2190"]
[PlyCount "80"]
[EventDate "2002.??.??"]
[EventType "corr"]
[SourceDate "2004.??.??"]

1. e4 c5 2. Nc3 Nc6 3. Nge2 Nf6 4. f4 d6 5. d4 cxd4 6. Nxd4 Qb6 7. Bb5 e5 8.
Nd5 Qxd4 9. Qxd4 exd4 10. Nc7+ Kd8 11. Nxa8 Nxe4 12. O-O Bf5 13. Rd1 Kc8 14.
Bxc6 bxc6 15. Rxd4 Nf6 16. Rb4 Bxc2 17. Rc4 Be4 18. Ra4 Kb8 19. Nc7 Kxc7 20.
Rxa7+ Kb6 21. Ra3 Be7 22. Bd2 c5 23. Rc1 Ra8 24. Rxa8 Bxa8 25. Bc3 Be4 26. Re1
d5 27. Be5 Kb5 28. h3 h5 29. Re3 c4 30. Kh2 h4 31. b3 Bd3 32. Bd4 Bd6 33. Be5
Bc5 34. Re1 Ne4 35. Bxg7 c3 36. Rxe4 dxe4 37. Bxc3 Bf2 38. Kh1 Kc5 39. Be5 e3
40. Bb8 Kd4 0-1

[Event "5MCR_4D_2L_3S"]
[Site "?"]
[Date "2002.??.??"]
[Round "?"]
[White "Nekola, Pavel"]
[Black "Strnad, Jiri"]
[Result "0-1"]
[WhiteElo "1800"]
[BlackElo "2185"]
[PlyCount "80"]
[EventDate "2002.??.??"]
[EventType "corr"]
[SourceDate "2004.??.??"]

1. e4 d5 2. exd5 Qxd5 3. Nc3 Qa5 4. d4 Nf6 5. Bc4 Bg4 6. f3 Bf5 7. Nge2 e6 8.
O-O Nbd7 9. Bd2 Qb6 10. a4 a6 11. a5 Qa7 12. Be3 Ne5 13. Bb3 O-O-O 14. Ne4 Nd5
15. Bf2 Ng4 16. Bh4 Rd7 17. Re1 Ne5 18. c3 h5 19. Bf2 Ng4 20. fxg4 Bxe4 21. Ng3
Bh7 22. gxh5 c6 23. Qf3 Bd6 24. Rad1 Rhd8 25. c4 Nb4 26. Ne4 Bxe4 27. Rxe4 Qb8
28. Rh4 Bc7 29. Qg4 Bxa5 30. Qxg7 Qd6 31. h6 f5 32. Qg6 Qe7 33. Rh3 Qe8 34.
Qxe8 Rxe8 35. Be1 b6 36. Bc3 Kc7 37. h7 Rh8 38. d5 Rhxh7 39. Rxh7 Rxh7 40. dxe6
Re7 0-1

[Event "5MCR_4D_2L_3S"]
[Site "?"]
[Date "2002.??.??"]
[Round "?"]
[White "Nekola, Pavel"]
[Black "Toman, Antonin"]
[Result "0-1"]
[WhiteElo "1800"]
[BlackElo "2240"]
[PlyCount "68"]
[EventDate "2002.??.??"]
[EventType "corr"]
[SourceDate "2004.??.??"]

1. e4 c6 2. d4 d5 3. Nc3 dxe4 4. Nxe4 Bf5 5. Ng3 Bg6 6. Nf3 Nd7 7. Nh4 Ngf6 8.
Nxg6 hxg6 9. Be2 e6 10. Be3 Qb6 11. O-O O-O-O 12. Qb1 Nd5 13. a4 Nxe3 14. fxe3
Nf6 15. a5 Qc7 16. a6 b6 17. c4 Bd6 18. Rf3 Bxg3 19. hxg3 Rh6 20. Bd3 Ng4 21.
Rf4 Nxe3 22. Qe1 e5 23. Rh4 exd4 24. b4 Rxh4 25. gxh4 Rh8 26. c5 b5 27. g3 g5
28. Qf2 gxh4 29. gxh4 g5 30. h5 Rxh5 31. Be4 Rh4 32. Bf3 Rh3 33. Re1 Rg3+ 34.
Kh1 Qf4 0-1

[Event "5MCR_4D_2L_3S"]
[Site "?"]
[Date "2002.??.??"]
[Round "?"]
[White "Nudcenko, Karel"]
[Black "Durchan, Milan"]
[Result "1/2-1/2"]
[WhiteElo "1800"]
[BlackElo "2145"]
[PlyCount "67"]
[EventDate "2002.??.??"]
[EventType "corr"]
[SourceDate "2004.??.??"]

1. e4 e5 2. Nf3 Nc6 3. Bb5 Nd4 4. Nxd4 exd4 5. O-O Bc5 6. d3 c6 7. Ba4 d6 8.
Nd2 Nf6 9. f4 d5 10. exd5 Nxd5 11. Ne4 Be7 12. Bb3 O-O 13. f5 Nf6 14. Nxf6+
Bxf6 15. Qh5 Qa5 16. Bg5 Bxg5 17. Qxg5 Be6 18. Qe7 Bxb3 19. axb3 Qb6 20. Rae1
f6 21. Qe6+ Rf7 22. Qc4 Rd8 23. Rf4 Rd5 24. Re8+ Rf8 25. Ree4 a5 26. Rxd4 Qa7
27. c3 Rc8 28. b4 axb4 29. Qxb4 Qa1+ 30. Rf1 Qa7 31. Qb3 Kf8 32. Kh1 Rxd4 33.
cxd4 Rd8 34. Qb4+ 1/2-1/2

[Event "5MCR_4D_2L_3S"]
[Site "?"]
[Date "2002.??.??"]
[Round "?"]
[White "Nudcenko, Karel"]
[Black "Minovsky, Roman"]
[Result "1-0"]
[WhiteElo "1800"]
[BlackElo "2015"]
[PlyCount "47"]
[EventDate "2002.??.??"]
[EventType "corr"]
[SourceDate "2004.??.??"]

1. e4 e5 2. Nf3 Nc6 3. Bb5 a6 4. Bxc6 dxc6 5. O-O f6 6. d4 Bg4 7. dxe5 Qxd1 8.
Rxd1 fxe5 9. Rd3 Bd6 10. Nbd2 b5 11. b4 Ne7 12. c4 Bxb4 13. Nxe5 Be2 14. Re3
Rd8 15. Rb1 Bxd2 16. Rxe2 Bc3 17. Bb2 Bxb2 18. Rexb2 Rf8 19. a4 bxa4 20. Rb8
Rf6 21. Rxd8+ Kxd8 22. Rb8+ Nc8 23. c5 Re6 24. f4 1-0

[Event "5MCR_4D_2L_3S"]
[Site "?"]
[Date "2002.??.??"]
[Round "?"]
[White "Nudcenko, Karel"]
[Black "Nekola, Pavel"]
[Result "1-0"]
[WhiteElo "1800"]
[BlackElo "1800"]
[PlyCount "77"]
[EventDate "2002.??.??"]
[EventType "corr"]
[SourceDate "2004.??.??"]

1. e4 e5 2. Nf3 Nc6 3. Bb5 a6 4. Bxc6 dxc6 5. O-O Bg4 6. h3 Bh5 7. g4 Bg6 8.
Nxe5 Bd6 9. Nxg6 hxg6 10. Qf3 Qf6 11. Qxf6 Nxf6 12. e5 Bxe5 13. Re1 O-O-O 14.
Rxe5 Rxh3 15. d3 Nxg4 16. Re7 Rf3 17. Be3 Rh8 18. Nd2 Rf5 19. Re1 c5 20. Nc4
Nh2 21. Kg2 Nf3 22. Rd1 Nh4+ 23. Kf1 Nf3 24. c3 b5 25. Na5 Ne5 26. d4 Ng4 27.
Re1 Rh1+ 28. Ke2 Rh2 29. Rf1 Nxe3 30. Kxe3 cxd4+ 31. cxd4 Rh3+ 32. Ke2 Rhf3 33.
Nc6 Kb7 34. Ne5 R3f4 35. Ke3 Kb6 36. Rc1 Ka5 37. Rexc7 Rxf2 38. Rb7 g5 39. Nc6+
1-0